000 00543nam a2200169 i 4500
001 39855
003 ES-MaACL
005 20230906160107.0
007 t|
008 030304s1953 sp ||||1| spa d
100 1 _aCanto Ibañez, Francisco.
_934676
245 1 3 _aEl leproso ante la sociedad /
_cFrancisco Canto Ibañez.
260 _aCastellón :
_bInstituto Provincial de Sanidad,
_c[1953] (
_fMás)
300 _a28 p. ;
_c23 cm.
710 2 _aInstituto Provincial de Sanidad (Córdoba)
_95220
852 _aES-MaACL
_j1628-F-22 bis
_bR.35295
999 _c39855
_d39855